Statistics for Clubs That Won The Treble

Click here to take the quiz!

General Stats

  • This quiz has been taken 27 times
  • The average score is 6 of 8

Answer Stats

Football Clubs% Correct
Manchester United
100%
Barcelona
96%
Bayern Munich
88%
Manchester City
88%
Inter
79%
Ajax
71%
Celtic
54%
PSV
42%

Score Distribution

Percentile by Number Answered

Percent of People with Each Score

Your Score History

You have not taken this quiz